[Event "Sunningdale e2e4 op 04"]
[Site "Ascot"]
[Date "2014.04.21"]
[Round "9"]
[White "Bin Suhayl, Ieysaa"]
[Black "Tobisch, John"]
[Result "1/2-1/2"]
[WhiteElo "1637"]
[BlackElo "1902"]
[PlyCount "45"]
[EventDate "2014.04.17"]
[EventType "swiss"]
[EventRounds "9"]
[EventCountry "ENG"]
[SourceTitle "CBM 159 Extra"]
[Source "ChessBase"]
[SourceDate "2014.04.24"]
[SourceVersion "1"]
[SourceVersionDate "2014.04.24"]
[SourceQuality "1"]

1. d4 d6 2. c4 Nd7 3. e4 g6 4. f4 Bg7 5. Nc3 c5 6. d5 Ngf6 7. Nf3 b5 8. cxb5 a6 9. a4 0-0 10. bxa6 Qb6 11. a5 Qb8 12. Qc2 Bxa6 13. Bxa6 Rxa6 14. 0-0 Ne8 15. Bd2 Nc7 16. Qd3 Qb7 17. Rfb1 Qa7 18. Kh1 Rb8 19. Ra4 Rxa5 20. Nb5 Rbxb5 21. Rxa5 Rxa5 22. Bxa5 Qxa5 23. Qa3 1/2-1/2

[Event "Sunningdale e2e4 U2200 op 04"]
[Site "Sunningdale"]
[Date "2014.04.20"]
[Round "6"]
[White "Tobisch, John"]
[Black "Homer, Neil S"]
[Result "1/2-1/2"]
[WhiteElo "1902"]
[BlackElo "1643"]
[PlyCount "187"]
[EventDate "2014.04.17"]
[EventType "swiss"]
[EventRounds "7"]
[EventCountry "ENG"]
[SourceTitle "EXT 2015"]
[Source "ChessBase"]
[SourceDate "2014.11.20"]
[SourceVersion "1"]
[SourceVersionDate "2014.11.20"]
[SourceQuality "1"]

1. e4 c6 2. d4 d5 3. e5 c5 4. dxc5 e6 5. Qg4 h5 6. Qg3 h4 7. Qg4 Nh6 8. Bxh6 Rxh6 9. Bd3 Nd7 10. Nf3 Nxc5 11. 0-0 Nxd3 12. cxd3 g6 13. Nc3 Bd7 14. Qf4 Rh5 15. d4 Bh6 16. Qg4 Qe7 17. Ne1 Rg5 18. Qe2 Rh5 19. f4 0-0-0 20. Nd3 Rf5 21. Rac1 Kb8 22. g4 hxg3 23. hxg3 Rh5 24. Kg2 Rh8 25. Rh1 Bg7 26. Rxh5 Rxh5 27. Rh1 Rxh1 28. Kxh1 Qf8 29. Qh2 Qh8 30. Qxh8+ Bxh8 31. g4 Bg7 32. Kg2 Kc7 33. Kf3 Bf8 34. f5 gxf5 35. gxf5 Kc6 36. f6 b6 37. b4 Bh6 38. Ke2 a6 39. a4 Kc7 40. b5 axb5 41. Nxb5+ Bxb5 42. axb5 Bf8 43. Kf3 Ba3 44. Kg4 Kd7 45. Kh5 Bf8 46. Kg5 Ke8 47. Kh5 Kd7 48. Ne1 Bb4 49. Nf3 Ke8 50. Kg5 Bc3 51. Kf4 Kf8 52. Ke3 Bb4 53. Kd3 Ke8 54. Nh2 Bf8 55. Ng4 Kd7 56. Kc3 Kc7 57. Kc2 Kd7 58. Kb3 Kc7 59. Kc2 Kd7 60. Nf2 Kc7 61. Nd3 Bh6 62. Nb4 Bf8 63. Nc6 Bh6 64. Kd3 Bc1 65. Ne7 Bh6 66. Ke2 Bf4 67. Nc6 Bh6 68. Kf3 Bf8 69. Kg4 Kd7 70. Kh5 Ke8 71. Kg4 Kd7 72. Kh5 Ke8 73. Kg4 Kd7 74. Kf3 Ba3 75. Ke2 Bf8 76. Kd3 Ba3 77. Kc2 Bf8 78. Kb3 Bh6 79. Nb4 Be3 80. Nc2 Bh6 81. Kc3 Kc7 82. Kd3 Kd7 83. Nb4 Bf8 84. Na2 Bh6 85. Nc3 Bf8 86. Na4 Kc7 87. Kc3 Kb7 88. Kb3 Bh6 89. Kc2 Be3 90. Kd3 Bh6 91. Nc3 Bf8 92. Nd1 Bh6 93. Nf2 Bf8 94. Ng4 1/2-1/2

[Event "London e2e4 Diamond Jubilee op-C"]
[Site "London"]
[Date "2012.06.05"]
[Round "7"]
[White "Bennett, Eric"]
[Black "Tobisch, John"]
[Result "1/2-1/2"]
[WhiteElo "1953"]
[BlackElo "1914"]
[PlyCount "118"]
[EventDate "2012.06.02"]
[EventType "swiss"]
[EventRounds "7"]
[EventCountry "ENG"]
[SourceTitle "EXT 2014"]
[Source "ChessBase"]
[SourceDate "2013.11.20"]
[SourceVersion "1"]
[SourceVersionDate "2013.11.20"]
[SourceQuality "1"]

1. e4 e6 2. d4 d5 3. e5 c5 4. c3 Nc6 5. Nf3 Qb6 6. a3 c4 7. Nbd2 Na5 8. Be2 Bd7 9. 0-0 h6 10. Ne1 Ne7 11. h3 Qc7 12. Rb1 Nc8 13. f4 Nb6 14. Nef3 Ba4 15. Qe1 0-0-0 16. Bd1 Bxd1 17. Qxd1 Kb8 18. Rf2 Qc6 19. Nf1 Qa4 20. Qe2 Rc8 21. Ne3 Be7 22. g4 Qe8 23. Rg2 Qg8 24. Qc2 Qh7 25. Qxh7 Rxh7 26. Bd2 Nb3 27. Be1 h5 28. Bg3 hxg4 29. hxg4 Rch8 30. Rh2 Rxh2 31. Bxh2 g6 32. Kg2 Na4 33. Nd1 Rg8 34. Bg3 Kc8 35. Be1 Kd7 36. Nd2 Nxd2 37. Bxd2 Nb6 38. Ne3 Rh8 39. Rf1 Ke8 40. Bc1 Rh7 41. Kg3 Na4 42. f5 gxf5 43. gxf5 b5 44. f6 Bf8 45. Ng4 a5 46. Nh2 b4 47. axb4 axb4 48. Bd2 bxc3 49. Bxc3 Nxc3 50. bxc3 Bh6 51. Ra1 Bd2 52. Ra3 Bc1 53. Ra2 Bh6 54. Nf3 Be3 55. Ra8+ Kd7 56. Kg4 Bh6 57. Rg8 Kc7 58. Re8 Kd7 59. Rg8 Kc7 1/2-1/2

[Event "London e2e4 Diamond Jubilee op-C"]
[Site "London"]
[Date "2012.06.03"]
[Round "2"]
[White "Tobisch, John"]
[Black "Bucher, Grant"]
[Result "1/2-1/2"]
[WhiteElo "1914"]
[BlackElo "2011"]
[PlyCount "49"]
[EventDate "2012.06.02"]
[EventType "swiss"]
[EventRounds "7"]
[EventCountry "ENG"]
[SourceTitle "EXT 2014"]
[Source "ChessBase"]
[SourceDate "2013.11.20"]
[SourceVersion "1"]
[SourceVersionDate "2013.11.20"]
[SourceQuality "1"]

1. c4 Nf6 2. Nc3 d5 3. cxd5 Nxd5 4. d4 g6 5. e4 Nxc3 6. bxc3 Bg7 7. Bg5 c5 8. Rc1 0-0 9. Nf3 Bg4 10. d5 Nd7 11. Be2 Bxf3 12. Bxf3 c4 13. Be2 Nb6 14. 0-0 Qd6 15. Qd2 f5 16. Bf4 Be5 17. Bxe5 Qxe5 18. exf5 Rxf5 19. Bg4 Qf4 20. Qxf4 Rxf4 21. Be6+ Kf8 22. Rfe1 Rd8 23. g3 Rf3 24. Re3 Rf6 25. Re4 1/2-1/2

[Event "Sunningdale e2e4 Major"]
[Site "Sunningdale"]
[Date "2011.09.18"]
[Round "5"]
[White "Tobisch, John"]
[Black "Bovtramovics, Vladimirs"]
[Result "1-0"]
[WhiteElo "1901"]
[BlackElo "1815"]
[PlyCount "87"]
[EventDate "2011.09.16"]
[EventType "swiss"]
[EventRounds "5"]
[EventCountry "ENG"]
[SourceTitle "EXT 2023"]
[Source "ChessBase"]
[SourceDate "2022.10.05"]
[SourceVersion "1"]
[SourceVersionDate "2022.10.05"]
[SourceQuality "1"]

1. d4 Nf6 2. c4 e6 3. Nc3 Bb4 4. f3 0-0 5. e4 d5 6. e5 Nh5 7. Nh3 f6 8. a3 Bxc3+ 9. bxc3 fxe5 10. Bg5 Qe8 11. dxe5 h6 12. Be3 g5 13. Nf2 c6 14. Ng4 Kg7 15. Bd3 Nf4 16. Bxf4 gxf4 17. Nf6 Qf7 18. g4 Nd7 19. Nh5+ Kh8 20. Qe2 a6 21. a4 Rb8 22. 0-0 Rg8 23. Kh1 Rg5 24. cxd5 cxd5 25. Qd2 Nxe5 26. Nxf4 Nxd3 27. Nxd3 b6 28. h4 Rg7 29. Qxh6+ Kg8 30. Qf4 Qd7 31. Ne5 Bb7 32. Qd4 Ba8 33. h5 Qc7 34. h6 Rh7 35. g5 Rf8 36. f4 Rf5 37. Kg2 Qb7 38. Kg3 a5 39. Rh1 Rxe5 40. fxe5 Qf7 41. Qd3 d4 42. Raf1 Qb7 43. Qg6+ Rg7 44. h7+ 1-0

[Event "Sunningdale e2e4 Major"]
[Site "Sunningdale"]
[Date "2011.09.17"]
[Round "3"]
[White "Tobisch, John"]
[Black "Shepherd, Katherine M"]
[Result "1-0"]
[WhiteElo "1901"]
[BlackElo "1761"]
[PlyCount "149"]
[EventDate "2011.09.16"]
[EventType "swiss"]
[EventRounds "5"]
[EventCountry "ENG"]
[SourceTitle "EXT 2023"]
[Source "ChessBase"]
[SourceDate "2022.10.05"]
[SourceVersion "1"]
[SourceVersionDate "2022.10.05"]
[SourceQuality "1"]

1. d4 d5 2. Nf3 Nf6 3. c4 c6 4. e3 Bf5 5. Nc3 e6 6. Nh4 Bg4 7. Qb3 Qb6 8. c5 Qc7 9. h3 Bh5 10. g4 Bg6 11. Nxg6 hxg6 12. Bg2 Nbd7 13. Bd2 Be7 14. Qc2 e5 15. Rb1 e4 16. Ke2 b5 17. cxb6 axb6 18. g5 Nh7 19. Nxd5 Qd6 20. Nxe7 Kxe7 21. Qxe4+ Qe6 22. Qxe6+ fxe6 23. Bxc6 Rxa2 24. Bb4+ Kd8 25. h4 Nb8 26. Be4 Ra4 27. Bd6 Kd7 28. Bxb8 Rxb8 29. Rhc1 Ra7 30. Bxg6 Nf8 31. Be4 Rc8 32. Rxc8 Kxc8 33. Rc1+ Kd7 34. h5 Ra2 35. Rc2 Ra7 36. Kd3 Ke7 37. f4 Kf7 38. Rc6 Ra1 39. Rc7+ Kg8 40. h6 gxh6 41. gxh6 Rd1+ 42. Ke2 Rg1 43. h7+ Kh8 44. Rc8 Kg7 45. h8Q+ Kxh8 46. Rxf8+ Kg7 47. Rb8 Kf7 48. Rxb6 Ke7 49. f5 exf5 50. Bxf5 Rg5 51. e4 Kf7 52. d5 Ke7 53. d6+ Kf7 54. Rb7+ Kf6 55. Kf3 Ke5 56. d7 Rg8 57. Rc7 Rb8 58. Rc8 Rb3+ 59. Kg4 Rxb2 60. d8Q Rg2+ 61. Kf3 Rg3+ 62. Kf2 Rf3+ 63. Kg2 Rg3+ 64. Kh2 Rb3 65. Rc5+ Kf4 66. Qh4+ Ke3 67. Qg3+ Kd4 68. Rd5+ Kc4 69. Qc7+ Kb4 70. Qc5+ Ka4 71. Bd7+ Rb5 72. Qxb5+ Ka3 73. Rd3+ Ka2 74. Qb3+ Ka1 75. Rd1# 1-0

[Event "Sunningdale e2e4 Major H"]
[Site "Sunningdale"]
[Date "2011.08.11"]
[Round "3"]
[White "Tobisch, John"]
[Black "O'Gorman, Brendan"]
[Result "0-1"]
[WhiteElo "1898"]
[BlackElo "1800"]
[PlyCount "68"]
[EventDate "2011.08.10"]
[EventType "tourn"]
[EventRounds "9"]
[EventCountry "ENG"]
[SourceTitle "EXT 2023"]
[Source "ChessBase"]
[SourceDate "2022.10.05"]
[SourceVersion "1"]
[SourceVersionDate "2022.10.05"]
[SourceQuality "1"]

1. c4 c5 2. Nf3 Nc6 3. d4 cxd4 4. Nxd4 g6 5. e4 Nf6 6. Nc3 d6 7. Be3 Ng4 8. Nxc6 Nxe3 9. Nxd8 Nxd1 10. Nxf7 Nxc3 11. Nxh8 Nxe4 12. f3 Nc5 13. b4 Bg7 14. Rd1 Na4 15. Nxg6 hxg6 16. a3 Be6 17. c5 Nc3 18. Rd2 dxc5 19. Bd3 Kf7 20. bxc5 Bh6 21. Rc2 Nd5 22. g3 Ne3 23. Rb2 Rc8 24. Ke2 Rxc5 25. Rxb7 Ra5 26. Ra1 Nc4 27. a4 Bg7 28. Rc1 Rxa4 29. Rc2 Bd4 30. g4 Bb6 31. Rb8 Ne3 32. Rd2 Nd5 33. Rc2 Nf4+ 34. Kd2 Rd4 0-1

[Event "Sunningdale e2e4 Major op"]
[Site "Sunningdale"]
[Date "2011.05.29"]
[Round "4"]
[White "Tobisch, John"]
[Black "Homer, Neil S"]
[Result "1-0"]
[WhiteElo "1899"]
[BlackElo "1660"]
[PlyCount "139"]
[EventDate "2011.05.27"]
[EventType "swiss"]
[EventRounds "7"]
[EventCountry "ENG"]
[SourceTitle "EXT 2023"]
[Source "ChessBase"]
[SourceDate "2022.10.05"]
[SourceVersion "1"]
[SourceVersionDate "2022.10.05"]
[SourceQuality "1"]

1. c4 c6 2. Nf3 d5 3. e3 Nf6 4. d4 Bf5 5. Nc3 e6 6. Nh4 Be4 7. f3 Bg6 8. Qb3 Qb6 9. Nxg6 hxg6 10. c5 Qc7 11. g3 Nbd7 12. Bd2 Be7 13. Bd3 b6 14. cxb6 axb6 15. Rc1 c5 16. Nb5 Qb8 17. Bb1 c4 18. Qd1 0-0 19. 0-0 Rc8 20. e4 dxe4 21. fxe4 Ne8 22. Qf3 f6 23. b3 cxb3 24. Qxb3 Nf8 25. Bb4 Bxb4 26. Qxb4 Rxc1 27. Rxc1 Qb7 28. Qc4 Rd8 29. Qc6 Qxc6 30. Rxc6 Rb8 31. Bd3 Kf7 32. d5 exd5 33. exd5 Nd7 34. Bc2 Ne5 35. Rc3 Rd8 36. Bb3 Nd6 37. Rc7+ Kf8 38. Nd4 Rd7 39. Ne6+ Kf7 40. Rc3 Nb5 41. Rc8 Nd6 42. Rf8+ Ke7 43. Rg8 Nf5 44. Nxg7 Nxg7 45. Rxg7+ Kd6 46. Rg8 g5 47. h3 Kc5 48. Rc8+ Kd6 49. Kg2 Rc7 50. Rxc7 Kxc7 51. h4 gxh4 52. gxh4 Ng4 53. Kg3 Nh6 54. Kf4 Kd6 55. a4 Kc5 56. h5 Kd6 57. Ke4 Kc5 58. Bd1 Kd6 59. Bf3 Kc5 60. Be2 Kd6 61. Bb5 Kc5 62. Bc6 Kd6 63. Kd4 Nf5+ 64. Kc4 Nh6 65. Kb5 Kc7 66. d6+ Kxd6 67. Kxb6 Ke7 68. a5 Nf7 69. a6 Nd6 70. Kc7 1-0

[Event "Uxbridge op"]
[Site "Uxbridge"]
[Date "2009.09.19"]
[Round "3"]
[White "Tobisch, John"]
[Black "Coates, David H"]
[Result "1/2-1/2"]
[WhiteElo "1867"]
[BlackElo "2067"]
[PlyCount "63"]
[EventDate "2009.09.18"]
[EventType "swiss"]
[EventRounds "5"]
[EventCountry "ENG"]
[SourceTitle "CBM 132 Extra"]
[Source "ChessBase"]
[SourceDate "2009.11.03"]
[SourceVersion "1"]
[SourceVersionDate "2009.11.03"]
[SourceQuality "1"]

1. Nf3 Nf6 2. c4 g6 3. Nc3 Bg7 4. g3 0-0 5. Bg2 d6 6. d4 Nbd7 7. 0-0 e5 8. e4 a6 9. Rb1 exd4 10. Nxd4 Re8 11. h3 Rb8 12. Nc2 Ne5 13. Ne3 Be6 14. Ncd5 Bxd5 15. exd5 Ned7 16. Qc2 Qe7 17. b4 Qf8 18. Rb3 b6 19. Ba3 Nh5 20. Kh2 f5 21. f4 Nhf6 22. Qd3 Re7 23. Nc2 Ne4 24. Bb2 Ndc5 25. Bxg7 Qxg7 26. bxc5 Nxc5 27. Qd4 Nxb3 28. Qxg7+ Kxg7 29. axb3 Kf6 30. Bf3 Rbe8 31. Rf2 a5 32. Bd1 1/2-1/2

[Event "Uxbridge op"]
[Site "Denham"]
[Date "2009.02.22"]
[Round "4"]
[White "Tobisch, John"]
[Black "Doci, Stefan"]
[Result "1/2-1/2"]
[WhiteElo "1891"]
[BlackElo "2052"]
[PlyCount "118"]
[EventDate "2009.02.20"]
[EventType "swiss"]
[EventRounds "5"]
[EventCountry "ENG"]
[SourceTitle "EXT 2011"]
[Source "ChessBase"]
[SourceDate "2010.11.26"]
[SourceVersion "1"]
[SourceVersionDate "2010.11.26"]
[SourceQuality "1"]

1. d4 Nf6 2. Bg5 e6 3. e4 Be7 4. Nd2 0-0 5. Bd3 d6 6. Ngf3 c5 7. c3 Nbd7 8. 0-0 a6 9. a4 b6 10. Qc2 h6 11. Bf4 Bb7 12. h3 Rc8 13. Qb1 Qc7 14. Bh2 e5 15. d5 Nh5 16. c4 Nf4 17. Rd1 Rce8 18. Bf1 Bc8 19. g3 Ng6 20. Ne1 Nf6 21. Qd3 Nh7 22. g4 Bg5 23. Ng2 Qe7 24. Qf3 h5 25. Qe2 hxg4 26. hxg4 Bxd2 27. Rxd2 Qg5 28. f3 Qf6 29. Ra3 Ng5 30. Ne1 Bd7 31. Bg3 Nf4 32. Bxf4 Qxf4 33. Qh2 Qf6 34. Qh5 Qg6 35. Rh2 Qxh5 36. Rxh5 f6 37. Rh2 Rb8 38. b3 b5 39. cxb5 axb5 40. a5 Ra8 41. Ra1 Ra7 42. Rha2 g6 43. Kh2 Kg7 44. Kg3 f5 45. gxf5 gxf5 46. Bd3 fxe4 47. fxe4 c4 48. bxc4 bxc4 49. Bc2 Rf4 50. Rb2 Rg4+ 51. Kf2 Kf6 52. Rb6 Ke7 53. Ke3 Rg3+ 54. Kf2 Rc3 55. a6 Bc8 56. Rc6 Bd7 57. Rb6 Bc8 58. Rc6 Bd7 59. Rb6 Bc8 1/2-1/2